Slavonic dances /

Hlavní autor: Dvořák, Antonín, 1841-1904
Korporativní autor: Symfonický orchestr hl. m. Prahy FOK
Další autoři: Brauner, Tomáš, 1978-, Dvořák, Antonín, 1841-1904., Dvořák, Antonín, 1841-1904.
Jazyk: Nelze použít, není lingvistický obsah
Vydáno: Praha : Supraphon, 2023
Témata:
Fyzický popis: 1 CD audio (78:36) ; 12 cm
Zvukové nahrávky
Uloženo v:
LEADER 02317njm a2200601 i 4500
001 001881198
003 CZ BrMZK
005 20240314140214.0
007 sd fungnnmmned
008 240103p20232021xr dfnng h n zxx
015 |a cnb003578100 
024 1 |a 099925433222 
028 0 1 |a SU 4332-2  |b Supraphon 
040 |a BOA001  |b cze  |e rda 
041 0 |g cze  |g eng  |g fre  |g ger 
043 |a e-xr--- 
045 |a w7w8 
048 |a oa01 
072 7 |a 785  |x Instrumentální hudba. Symfonická hudba. Hudba pro více nástrojů  |2 Konspekt  |9 9 
080 |a 785.11  |2 MRF 
080 |a 78.085.1  |2 MRF 
080 |a (086.76)  |2 MRF 
100 1 |a Dvořák, Antonín,  |d 1841-1904  |7 jn19981000826  |4 cmp 
245 1 0 |a Slavonic dances /  |c Dvořák 
264 1 |a Praha :  |b Supraphon,  |c 2023 
264 4 |c ℗2023 
300 |a 1 CD audio (78:36) ;  |c 12 cm 
306 |a 011836 
336 |a hraná hudba  |b prm  |2 rdacontent 
337 |a audio  |b s  |2 rdamedia 
338 |a audiodisk  |b sd  |2 rdacarrier 
344 |a digital  |b optical  |g stereo  |2 rda 
347 |a audio soubor  |b CD audio  |2 rda 
382 0 1 |a orchestr 
500 |a Název z disku 
500 |a Technika záznamu DDD 
500 |a Informace o hudbě vícejazyčně (25 stran) v pouzdru 
505 0 |a Slovanské tance, I. řada op. 46 (B 83, 1878) (40:21) -- Slovanské tance, II. řada op. 72 (B 147, 1886-87) (38:06) 
511 0 |a Symfonický orchestr hl. m. Prahy FOK, Tomáš Brauner, dirigent 
518 |o Nahráno  |d 8.-12. února 2021  |p Smetanova síň Obecního domu, Praha 
648 7 |a 19. století  |7 ch460557  |2 czenas 
648 4 |a 1878-1887 
650 0 7 |a orchestrální hudba  |7 ph123783  |z Česko  |y 19. století  |2 czenas 
655 7 |a historické tance  |7 fd993574  |2 czenas 
655 7 |a kompaktní disky  |7 fd201991  |2 czenas 
700 1 |a Brauner, Tomáš,  |d 1978-  |7 xx0089801  |4 cnd 
700 1 2 |i Obsahuje (dílo):  |a Dvořák, Antonín,  |d 1841-1904.  |t Slovanské tance,  |n op. 46  |7 aun2010587081 
700 1 2 |i Obsahuje (dílo):  |a Dvořák, Antonín,  |d 1841-1904.  |t Slovanské tance,  |n op. 72  |7 aun2006372791 
710 2 |a Symfonický orchestr hl. m. Prahy FOK  |7 kn20010710320  |4 itr 
910 |a BOA001  |b CDR-1518.774 
990 |a AV 
991 |b 202403 
996 6 |b 2610956946  |c CDR-1518.774  |l MZK  |r Sklad / do 24 hodin  |n 0  |p p.v.  |w 001948820  |u 000010  |a 1  |e BOA001  |j MZK50  |s P